Sayings in a Picture Quiz Stats

 Plays Quiz Updated Feb 12, 2018

Score 0/20 Timer 10:00
0 Plays Today
% Correct
Raining cats and dogs
97.8%
Elephant in the room
95%
Beats around the bush
93.5%
Cut the mustard
93.2%
Fool's gold
92.5%
Once in a blue moon
92%
Crying over spilled milk
91.9%
Hot potato
89.5%
Break a leg
89.1%
Cold turkey
86.1%
% Correct
The last straw
85.5%
The plot thickens
82.3%
Green with envy
81.4%
Break the ice
80%
Spill the beans
79.4%
Two in one
78.6%
A stitch in time saves nine
74.8%
Forgive and forget
73.9%
An inside job
47.3%
Every cloud has a silver lining
46.3%

You're not logged in!

Compare scores with friends on all Sporcle quizzes.
OR
Log In

Show Comments

Extras

Top Quizzes Today


Score Distribution

Your Account Isn't Verified!

In order to create a playlist on Sporcle, you need to verify the email address you used during registration. Go to your Sporcle Settings to finish the process.

Report this User

Report this user for behavior that violates our Community Guidelines.

Details: